000 00701nam a2200241 i 4500
001 C2-0247680
003 PPAK
005 20180727212217.0
008 030329s2003 my |||| ||||| | may d
020 _a9676114014
040 _aPPAK
_beng
_cPPAK
_erda
082 0 4 _a361.1
_223
090 0 0 _a361.1
_bAHM
_dG
100 0 _aAhmad Redzuwan Mohd Yunus,
_eauthor
245 1 0 _aGejala sosial dalam masyarakat Islam :
_bpunca dan penyelesaian
264 1 _aKuala Lumpur :
_bUtusan Publications & Distributors ,
_c2003
300 _a128 pages ;
_c22 cm
336 _2rdacontent
_atext
337 _2rdamedia
_aunmediated
338 _2rdacarrier
_avolume
650 1 0 _aSocial problems
942 _ddc
_cB
999 _c61524
_d61524